| 000 | 00624nam a2200241 a 4500 | ||
|---|---|---|---|
| 005 | 20210219153003.0 | ||
| 008 | 991125n 000 0 u | ||
| 035 | _aUPN01000071092 | ||
| 100 | _aPizzo, Joe | ||
| 222 | _aPHYSICS TEACHER | ||
| 245 | _aDeck the halls. Animated displays III : Mechanical puzzles | ||
| 300 | _a32-37 | ||
| 362 | _a31, No. 1, 1993 | ||
| 505 | _aSeptiembre 1993 | ||
| 653 | 0 | _aCONFUSION | |
| 653 | 0 | _aEXPOSICIONES | |
| 653 | 0 | _aFISICA | |
| 653 | 0 | _aGRAVEDAD FISICA | |
| 653 | 0 | _aMECANICA (FISICA) | |
| 653 | 0 | _aRESOLUCION DE PROBLEMAS | |
| 904 |
_aAC _b008903 |
||
| 905 | _aArticulo | ||
| 999 |
_c65554 _d65554 |
||